000
00213nam a22000857a 4500
008
150826b xxu||||| |||| 00| 0 eng d
100
_a
LANGE,OSKAR
245
_a
POLITICAL ECONOMY
260
_a
NEW YORK
_b
PERGAMON PRESS L.T.D
999
_c
977
_d
977